LEADER 03770oam 2200565 450 001 9910159444903321 005 20190911103516.0 010 $a9781522520672$belectronic 010 $z9781522520665$bprint 024 7 $a10.4018/978-1-5225-2066-5 035 $a(OCoLC)978494228 035 $a(MiFhGG)GVRL02TI 035 $a(EXLCZ)993710000001018947 100 $a20170210h20172017 uy 0 101 0 $aeng 135 $aurun|---uuuua 181 $2rdacontent 182 $2rdamedia 183 $2rdacarrier 200 00$aEntrepreneurship and business innovation in the Middle East /$fPhilippe W. Zgheib [editor] 210 1$aHershey, PA :$cBusiness Science Reference,$d[2017] 210 4$d?2017 215 $a1 online resource (xxvii, 357 pages) $cillustrations (some color) 225 0 $aAdvances in Business Strategy and Competitive Advantage (ABSCA) Book Series,$x2327-3437 311 $a1-5225-2066-X 320 $aIncludes bibliographical references and index. 327 $aSustainability of family business entrepreneurships in the Middle East / Bassem E. Maamari, Ahmad M. Jannoun -- Cooperative entrepreneurship in the Middle East / Philippe W. Zgheib -- Corporate innovation and intrapreneurship in the Middle East / Philippe W. Zgheib -- Accelerating entrepreneurship in MENA region: opportunities and challenges / Amir Manzoor -- Making innovation development policies work for MENA: the need for entrepreneurship / Mehtap Isik -- Empowerment against all odds: women entrepreneurs in the Middle East and North Africa / Bettina Lynda Bastian -- Succession challenges facing family businesses in Saudi Arabia / Ignatius Ekanem, Latifah Abdulmohsen Alrossais -- Critical review of entrepreneurship in Oman / Neeta Baporikar -- Agency problem types from a corporate governance perspective / Nazih Khalil El-Jor -- Developing blue ocean strategy in construction industries using an improved model of Kano / Mohammad Abdolshah, Fariborz Ahmadzadeh, Afshin Abbaspour -- Entrepreneurship and innovation in Lebanese healthcare: road to employee job satisfaction / Johnny Chalita Chaanine -- The Lebanese way: a cultural propensity toward entrepreneurship / John Stephen Hess -- Expatriate Lebanese entrepreneurship / Philippe W. Zgheib -- Social and civic entrepreneurship in Lebanon and the Middle East / Salaheddine M. Chukri -- Entrepreneurial innovation in Islamic banking / Philippe W. Zgheib, Lama I. Massalkhy. 330 3 $a"[This book] is a comprehensive reference source for the latest scholarly material on the analysis of entrepreneurial activities in the framework of cultural diversity. Highlighting crucial perspectives and topics in business contexts, such as job satisfaction, intrapreneurship, and corporate governance, this book is ideally designed for academics, professionals, practitioners, and students interested in business enterprises in the Arab culture"--Provided by publisher. 410 0$aPremier reference source. 410 0$aAdvances in business strategy and competitive advantage. 606 $aEntrepreneurship$zMiddle East 606 $aGlobalization$xEconomic aspects 610 $aCorporate governance 610 $aFamily businesses 610 $aHealthcare industry 610 $aIntrapreneurship 610 $aIslamic banking 610 $aJob satisfaction 610 $aWomen in business 615 0$aEntrepreneurship 615 0$aGlobalization$xEconomic aspects. 676 $a338.040956 700 $aZgheib$b Philippe W.$01249195 702 $aZgheib$b Philippe$f1957- 801 0$bMiFhGG 801 1$bMiFhGG 906 $aBOOK 912 $a9910159444903321 996 $aEntrepreneurship and business innovation in the Middle East$92894985 997 $aUNINA LEADER 01877nam0 22004573i 450 001 SBL0082375 005 20251003044349.0 020 $aIT$b695765 100 $a20071122d1969 ||||0itac50 ba 101 | $aita 102 $ait 181 1$6z01$ai $bxxxe 182 1$6z01$an 183 1$6z01$anc$2RDAcarrier 200 1 $aˆLa ‰rivoluzione contro il razzismo$eil Sudafrica$fHosea Jaffe 210 $aMilano$cJaca book$d[1969] 215 $a148 p.$d21 cm 225 | $aPiccola serie$v17 300 $aTraduzione di Robi Ronza. 410 0$1001SBL0352370$12001 $aPiccola serie$v17 606 $aRazzismo$xSud Africa$2FIR$3CFIC020384$9I 676 $a305.800968$9GRUPPI ETNICI E NAZIONALI. Sudafrica$v23 676 $a320.560968$9APARTHEID. SUD AFRICA.$v20 676 $a323.1196068$9RELAZIONI DELLO STATO CON GLI AGGREGATI SOCIALI. GRUPPI RAZZIALI, ETNICI, NAZIONALI. NEGRI. SUD AFRICA$v19 686 $aX13.0$cCOLONIALISMO E ANTICOLONIALISMO$2R 686 $aX19.2$cQUESTIONE EBRAICA RAZZISMO ANTISEMITISMO$2R 686 $aZA/X4.0$cSTORIE GENERALI REPUBBLICA SUDAFRICANA$2R 686 $aZA/X43.8$cCLASSI CETI CONFLITTUALITA SOCIALE REPUBBLICA SUDAFRICANA$2R 696 $aQuestioni razziali 699 $aRazzismo$yQuestioni razziali 700 1$aJaffe$b, Hosea$f <1921-2014>$3CFIV007266$4070$0120740 702 1$aRonza$b, Robi$3RAVV002343 790 1$aRonza$b, Roberto$3BVEV203595$zRonza, Robi 801 3$aIT$bIT-000000$c20071122 850 $aIT-BN0095 $aIT-NA0079 901 $bNAP 01$cDEMARCO $n$ 912 $aSBL0082375 950 0$aBiblioteca Centralizzata di Ateneo$c1 v.$d 01DEMARCO MON. 272$e 01 0000099545 VMA 1 v.$fA $h20230510$i20241016 977 $a 01$a BN 996 $aRivoluzione contro il razzismo$94216033 997 $aUNISANNIO